000
00343nam a2200157Ia 4500
003
Ost
005
20260225132545.0
008
260225s9999||||xx |||||||||||||| ||und||
040
_c
fsic
041
_a
fre
082
_a
440
100
_a
M.Yousfi
_e
Auteur
245
0
_a
L'Algérie en marche tome 2 /
245
0
_c
M.Yousfi
942
_c
كتاب
999
_c
33767
_d
33767